00909 a2200181 45000010006000000050017000060080041000230030015000640400040000790800095001192450084002142640034002983000032003325050319003640410008006831000018006917000018007095424520260407155813.0260407a1949 arg spa dAR-UNSa-BCEJYS aAR-UNSa-BCEJYSbspacAR-UNSa-BCEJYS a330.8xHistoria de las teorías, Doctrinas, Dogmas económicos (pensamiento económico)10aHistoria de las doctrinas económicaspde los fisiócratas a John Stuart Mill 1aBuenos Aires :bDepalmac1949 a2 v. (517 ; 579 p.)c24 cm. aVol. I: 1. Los fundadores - 2. Los adversarios - 3. El liberalismo - 4. Los disidentes - 5. La renovación de las doctrinas a fones del siglo XIX el florecimiento de las doctrinas sociales - 6. Preponderancia de los problemas de la producción y de intercambio después de la Primera Guerra Mundial -- Vol. II:  aspa1 aGide, Charles1 aRist, Charles